Famous Albums by Cover Art - Statistics

General Stats
  • This quiz has been taken 3,026 times
    2,989 since last reset
  • The average score is 11 of 16
Answer Stats
Picture Answer % Correct
The Beatles - Abbey Road
96%
Pink Floyd - The Dark Side of the Moon
94%
Taylor Swift - 1989
85%
Green Day - American Idiot
79%
Fleetwood Mac - Rumours
78%
Prince and the Revolution - Purple Rain
77%
Kanye West - Graduation
74%
Bruce Springsteen - Born in the USA
73%
Radiohead - OK Computer
65%
David Bowie - The Rise and Fall of Ziggy Stardust & the Spiders from Mars
60%
Kendrick Lamar - To Pimp a Butterfly
54%
The Beach Boys - Pet Sounds
53%
Twenty One Pilots - Blurryface
47%
Black Sabbath - Paranoid
45%
Led Zeppelin - Led Zeppelin IV
44%
Talking Heads - Remain in Light
39%
No matching quizzes found
Score Distribution
Percent of People with Each Score
Percentile by Number Answered
Your Score History
You have not taken this quiz since the last reset